[Event "Ostrava op-B"]
[Site "Ostrava"]
[Date "2003.05.11"]
[Round "10"]
[White "Lanca, Ivan"]
[Black "Perik, Alois"]
[Result "1-0"]
[WhiteElo "2109"]
[BlackElo "1856"]
[PlyCount "111"]
[EventDate "2003.05.03"]
[EventType "swiss"]
[EventRounds "10"]
[EventCountry "CZE"]
[SourceTitle "EXT 2006"]
[Source "ChessBase"]
[SourceDate "2005.11.24"]
[SourceVersion "1"]
[SourceVersionDate "2005.11.24"]
[SourceQuality "1"]

1. b4 d5 2. Bb2 Nf6 3. e3 e6 4. b5 c6 5. a4 Be7 6. Nf3 0-0 7. Be2 a6 8. Nc3 Bd7 9. Ne5 Be8 10. 0-0 axb5 11. axb5 Rxa1 12. Qxa1 cxb5 13. Nxb5 Nc6 14. f4 Nxe5 15. Bxe5 Bc6 16. Rb1 Ne8 17. Nd4 Bf6 18. Nxc6 bxc6 19. Rb7 Nd6 20. Bxf6 Qxf6 21. Qxf6 gxf6 22. Rd7 Ne4 23. d3 Nc3 24. Bh5 c5 25. Rc7 Na4 26. Kf2 f5 27. Ke2 Nb6 28. Rxc5 Rc8 29. Rxc8+ Nxc8 30. c4 dxc4 31. dxc4 Kf8 32. Kd3 Ke7 33. Kd4 f6 34. Kc5 Nd6 35. Bf3 Kd7 36. Kb4 Kc7 37. c5 Nc8 38. Kc4 Ne7 39. Kd4 Nc8 40. h3 h6 41. e4 fxe4 42. Bxe4 Na7 43. g4 Kd7 44. h4 Nb5+ 45. Kc4 Nc7 46. g5 fxg5 47. fxg5 hxg5 48. hxg5 Ke7 49. Kd4 Na6 50. Kc4 Nc7 51. c6 Kd6 52. g6 Ne8 53. Kb5 Kc7 54. Kc5 Ng7 55. Bg2 Ne8 56. Bh3 1-0

[Event "Moravia-ch8 corr9800"]
[Site "Czech Republic"]
[Date "1998.??.??"]
[Round "1.1"]
[White "Jina, Jiri"]
[Black "Lanca, Ivan"]
[Result "1-0"]
[WhiteElo "2180"]
[BlackElo "2283"]
[PlyCount "89"]
[EventDate "1998.??.??"]
[EventType "tourn (corr)"]
[EventRounds "16"]
[EventCountry "CZE"]
[SourceTitle "Corr 2002"]
[Source "ChessBase"]
[SourceDate "2002.05.23"]
[SourceVersion "1"]
[SourceVersionDate "2002.05.23"]
[SourceQuality "1"]

1. c4 Nc6 2. Nc3 Nf6 3. Nf3 e5 4. g3 d5 5. cxd5 Nxd5 6. Bg2 Nb6 7. 0-0 Be7 8. d3 0-0 9. Be3 Be6 10. Qd2 f6 11. Rfc1 Nd5 12. a3 Nxe3 13. Qxe3 a5 14. d4 Nxd4 15. Nxd4 Qxd4 16. Qxd4 exd4 17. Nd5 Bxd5 18. Bxd5+ Kh8 19. Rxc7 Bd6 20. Rxb7 Rab8 21. Rd1 Rxb7 22. Bxb7 Be5 23. f4 Bc7 24. Rc1 Rf7 25. b4 axb4 26. axb4 g5 27. Bd5 Re7 28. fxg5 fxg5 29. Kf2 Kg7 30. Rc6 Bb8 31. b5 Re5 32. Bc4 Rf5+ 33. Kg2 Rf6 34. Ra6 h5 35. Ra8 Rf8 36. b6 Kf6 37. b7 g4 38. Ra6+ Kg7 39. Ra5 Kg6 40. Bd3+ Kh6 41. Ra6+ Kg7 42. Rg6+ Kf7 43. Rh6 Ke7 44. Rxh5 Rg8 45. Rc5 1-0

[Event "Moravia-ch8 corr9800"]
[Site "Czech Republic"]
[Date "1998.??.??"]
[Round "71"]
[White "Lanca, Ivan"]
[Black "Koci, Tomas"]
[Result "0-1"]
[WhiteElo "2283"]
[BlackElo "2271"]
[PlyCount "50"]
[EventDate "1998.??.??"]
[EventType "tourn (corr)"]
[EventRounds "16"]
[EventCountry "CZE"]
[SourceTitle "Corr 2002"]
[Source "ChessBase"]
[SourceDate "2002.05.23"]
[SourceVersion "1"]
[SourceVersionDate "2002.05.23"]
[SourceQuality "1"]

1. b4 d5 2. Bb2 Qd6 3. a3 e5 4. Nf3 Nd7 5. e3 c6 6. c4 g6 7. cxd5 cxd5 8. Nc3 a6 9. d4 e4 10. Ne5 Ne7 11. Qa4 Bg7 12. Rc1 Rb8 13. Bb5 Qe6 14. Nxd5 Bxe5 15. Be2 Nxd5 16. dxe5 b5 17. Qc2 Bb7 18. Qxe4 Nc3 19. Qd4 Nxe2 20. Kxe2 Bxg2 21. Rhd1 Nb6 22. Qd6 Ra8 23. Rc7 Bh3 24. Qc5 Na4 25. Re7+ Qxe7 0-1

[Event "Ostrava Konik op"]
[Site "Ostrava"]
[Date "1995.??.??"]
[Round "?"]
[White "Dobrovolsky, Ladislav"]
[Black "Lanca, Ivan"]
[Result "1-0"]
[WhiteElo "2365"]
[BlackElo "2095"]
[PlyCount "57"]
[EventDate "1995.??.??"]
[EventType "swiss"]
[EventRounds "9"]
[EventCountry "CZE"]
[SourceTitle "EXT 1999"]
[Source "ChessBase"]
[SourceDate "1998.11.16"]
[SourceVersion "1"]
[SourceVersionDate "1998.11.16"]
[SourceQuality "1"]

1. Nf3 d5 2. c4 dxc4 3. Na3 Nf6 4. Nxc4 e6 5. g3 Bd6 6. Bg2 0-0 7. 0-0 Nc6 8. b3 Rb8 9. Bb2 b5 10. Nce5 Bb7 11. Nxc6 Bxc6 12. Qc2 Ba8 13. Rac1 c5 14. Ng5 g6 15. Bxa8 Rxa8 16. Bxf6 Qxf6 17. Ne4 Qd8 18. Qd3 Be7 19. Qxb5 f5 20. Nxc5 Bxc5 21. Rxc5 Qxd2 22. Rc7 Qd4 23. e3 Qf6 24. Rd1 Rfd8 25. Rdd7 f4 26. exf4 Qb2 27. Qe5 Rxd7 28. Qxe6+ Kf8 29. Rxd7 1-0